|
|
|
|
| LEADER |
01555cam a22003614a 4500 |
| 001 |
14105571 |
| 003 |
BD-DhAAL |
| 005 |
20150131152434.0 |
| 008 |
050912s2006 enka b 001 0 eng |
| 010 |
|
|
|a 2005026231
|
| 020 |
|
|
|a 1853839353 (hbk.)
|
| 020 |
|
|
|a 1853839361 (pbk.)
|
| 020 |
|
|
|a 9781853839351
|
| 020 |
|
|
|a 9781853839368
|
| 035 |
|
|
|a (OCoLC)ocm61513043
|
| 040 |
|
|
|a DLC
|c DLC
|d BAKER
|d C#P
|d DLC
|
| 042 |
|
|
|a pcc
|
| 050 |
0 |
0 |
|a HD30.255
|b .T56 2006
|
| 082 |
0 |
0 |
|a 658.4/083011
|2 22
|
| 999 |
|
|
|c 13331
|d 13331
|
| 999 |
|
|
|c 13331
|
| 100 |
1 |
|
|a Tinsley, Stephen,
|d 1956-
|9 1900
|
| 245 |
1 |
0 |
|a Environmental management systems :
|b understanding organizational drivers and barriers /
|c Stephen Tinsley and Ilona Pillai.
|
| 260 |
|
|
|a London ;
|a Sterling, VA :
|b Earthscan,
|c 2006.
|
| 300 |
|
|
|a xiii, 176 p. :
|b ill. ;
|c 24 cm.
|
| 504 |
|
|
|a Includes bibliographical references (p. [165]-170) and index.
|
| 505 |
0 |
|
|a The theory of environmental management systems -- Implementing an environmental management system -- Organizational barriers -- Models for classifying environmental management strategies -- Linking environmental management with business strategy.
|
| 541 |
|
|
|e 0000026850
|
| 650 |
|
0 |
|a Industrial management
|x Environmental aspects.
|9 6176
|
| 650 |
|
0 |
|a Industries
|x Environmental aspects.
|9 1902
|
| 700 |
1 |
|
|a Pillai, Ilona.
|9 1903
|
| 942 |
|
|
|2 ddc
|c BK
|
| 952 |
|
|
|0 0
|1 0
|2 ddc
|4 0
|6 658_408301100000000_TIN
|7 0
|9 22231
|a IGS
|b IGS
|c GEN
|d 2013-04-24
|e Karim International
|g 1590.00
|l 0
|o 658.4083011 TIN
|p 3010026850
|r 2013-04-24
|t 1
|w 2013-04-24
|y BK
|